000 00590cam a2200205 4500
001 D15699
008 090401t1984 xxu||||| |||| 00| 0 eng d
035 _a(Sirsi) u24662
041 _aeng
050 _a622.8
110 _aRoyal Institution of Chartered Surveyors
_94900
245 _aMinerals Division annual meeting and luncheon. Viking Hotel, York, 4 October 1984
260 _aLondon
_bSurveyors` Technical Services
_c1984
300 _a2 papers
350 _a0
520 _aFiled in box RICS 1984/58 ABC
710 _aMinerals` Division
942 _n0
948 _c04/03/1997
999 _c88588
_d88588